Normal view
MARC view
- Mc Loughlin, Juan Pedro,
Entry Nombre Personal
001 - NUMERO DE CONTROL
- campo de control: 34102
003 - IDENTIFICADOR DE NUMERO DE CONTROL
- campo de control: UPN
005 - FECHA Y HORA DE LA ÜLTIMA TRANSACCIÓN
- campo de control: 20210219194449.0
008 - DATOS DE LONGITUD FIJA
- campo de control de longitud fija: nabaccnnaabn|||||||||| b |nc|||||d
035 ## - NUMERO DE CONTROL
- Número de control: UPN11000006209
040 ## - FUENTE DE CATALOGACIÓN
- Lenguaje de catalogación: SPA
- Agencia de transcripción: UPN
100 1# - ENCABEZAMIENTO - NOMBRE PERSONAL
- Nombre personal: Mc Loughlin, Juan Pedro,
- Fechas asociadas con el nombre: 1952-
670 ## - FUENTE EN LA QUE SE LOCALIZARON DATOS
- Cita de la fuente: T
- Uniform Resource Identifier: http://www.e-pol.com.ar/newsmatic/index.php?pub_id=34&sid=309&NombreSeccion=Cultura&Accion=VerArticulo&aid=23266&eid=5
680 ## - NOTA PUBLICA DE ACCESO PÚBLICO
- Frase explicativa de la referencia: Escritor y maestro argentino
902 ## - CATALOGADOR
- Catalogador: MITM/060913
